[Event "Rail 6 countries 24th"]
[Site "Bad Salzuflen"]
[Date "2013.06.30"]
[Round "4.5"]
[White "Groiss, Karl"]
[Black "Eldridge, Peter W"]
[Result "1-0"]
[WhiteElo "1975"]
[BlackElo "1824"]
[PlyCount "73"]
[EventDate "2013.06.28"]
[EventType "team-tourn"]
[EventRounds "5"]
[EventCountry "GER"]
[SourceTitle "EXT 2014"]
[Source "ChessBase"]
[SourceDate "2013.11.20"]
[SourceVersion "1"]
[SourceVersionDate "2013.11.20"]
[SourceQuality "1"]
[WhiteTeam "Austria"]
[BlackTeam "England"]
[WhiteTeamCountry "AUT"]
[BlackTeamCountry "ENG"]

1. d4 g6 2. c4 Bg7 3. Nc3 Nf6 4. e4 d6 5. f3 0-0 6. Be3 Nbd7 7. Qd2 c5 8. d5 Nb6 9. Bd3 Bd7 10. Nge2 Qc7 11. 0-0 Rae8 12. Rab1 Nc8 13. h3 a6 14. Ng3 e5 15. f4 exf4 16. Rxf4 Re5 17. Rbf1 Nh5 18. Nxh5 Rxh5 19. R4f3 f5 20. exf5 Bxf5 21. Qf2 Qe7 22. Be2 Rh4 23. g4 Rxh3 24. Rxh3 Bxg4 25. Qh4 Bxh3 26. Rxf8+ Bxf8 27. Qxh3 Nb6 28. b3 Bg7 29. Nd1 h5 30. Bd3 Qf6 31. Qe6+ Kh7 32. Nf2 Qxe6 33. dxe6 Nc8 34. Bg5 Bf8 35. Ne4 b6 36. Nf6+ Kg7 37. Nd5 1-0

[Event "Rail 6 countries 24th"]
[Site "Bad Salzuflen"]
[Date "2013.06.28"]
[Round "1.5"]
[White "Groiss, Karl"]
[Black "Just, Wolfgang"]
[Result "1/2-1/2"]
[WhiteElo "1975"]
[BlackElo "2126"]
[PlyCount "108"]
[EventDate "2013.06.28"]
[EventType "team-tourn"]
[EventRounds "5"]
[EventCountry "GER"]
[SourceTitle "EXT 2014"]
[Source "ChessBase"]
[SourceDate "2013.11.20"]
[SourceVersion "1"]
[SourceVersionDate "2013.11.20"]
[SourceQuality "1"]
[WhiteTeam "Austria"]
[BlackTeam "Germany"]
[WhiteTeamCountry "AUT"]
[BlackTeamCountry "GER"]

1. d4 e6 2. c4 f5 3. Nf3 Nf6 4. Nc3 Bb4 5. Bd2 0-0 6. g3 b6 7. Bg2 Bb7 8. 0-0 Bxc3 9. Bxc3 d6 10. Qb3 Qe7 11. Rac1 Nbd7 12. Rfd1 Rae8 13. a4 a5 14. Qc2 Be4 15. Qd2 e5 16. e3 Qf7 17. b3 Qh5 18. Ne1 exd4 19. Bxd4 Ng4 20. h3 Nge5 21. Bxe5 Nxe5 22. f4 Nf3+ 23. Nxf3 Bxf3 24. Rf1 Bxg2 25. Kxg2 Re6 26. Rfe1 Rfe8 27. Re2 Rh6 28. Rh1 Kf8 29. Kf2 Rhe6 30. Kg2 R8e7 31. Rhe1 g5 32. Qd4 gxf4 33. Qxf4 Rh6 34. h4 Re4 35. Qf3 Qxf3+ 36. Kxf3 Ke7 37. Rd1 Rg6 38. Rd4 Rgg4 39. Rxe4+ Rxe4 40. Rd2 Ke6 41. Rd4 Re5 42. g4 c5 43. gxf5+ Rxf5+ 44. Rf4 Ke5 45. Kg3 h6 46. Kf3 h5 47. Rxf5+ Kxf5 48. e4+ Ke5 49. Ke3 Ke6 50. Kf4 Kf6 51. Kf3 Ke5 52. Ke3 Ke6 53. Kf4 Kf6 54. Kf3 Ke5 1/2-1/2

[Event "Austrian Eisenbahner-ch"]
[Site "St Veit"]
[Date "2013.05.30"]
[Round "1.6"]
[White "Groiss, Karl"]
[Black "Ressmann, Wilfried"]
[Result "1-0"]
[WhiteElo "1975"]
[BlackElo "2009"]
[PlyCount "81"]
[EventDate "2013.05.30"]
[EventType "swiss"]
[EventRounds "3"]
[EventCountry "AUT"]
[SourceTitle "EXT 2024"]
[Source "ChessBase"]
[SourceDate "2023.10.10"]
[SourceVersion "1"]
[SourceVersionDate "2023.10.10"]
[SourceQuality "1"]

1. d4 Nf6 2. c4 c5 3. d5 e6 4. Nc3 exd5 5. cxd5 Bd6 6. e4 0-0 7. Nf3 Re8 8. Bd3 a6 9. a4 Bc7 10. 0-0 d6 11. h3 Nbd7 12. Bg5 h6 13. Bh4 Nf8 14. Re1 Ng6 15. Bg3 Bd7 16. Qc2 Qc8 17. Re3 Rb8 18. Rae1 b5 19. axb5 axb5 20. e5 dxe5 21. Bxg6 fxg6 22. Nxe5 Bf5 23. Qd1 b4 24. Na2 Ra8 25. Qb3 Kh7 26. Nc1 Ra1 27. Ncd3 Rxe1+ 28. Rxe1 Ne4 29. Bh2 Bb6 30. Nc4 Bd8 31. g4 Bxg4 32. Nde5 Bf5 33. Rxe4 Bxe4 34. Nd6 Qa8 35. Nxe4 Bb6 36. Qg3 Qa1+ 37. Kg2 g5 38. Qd3 Kg8 39. Nf6+ Kf8 40. Nxe8 Qxb2 41. Qf5+ 1-0

[Event "Lienz op 17th"]
[Site "Lienz"]
[Date "2013.02.14"]
[Round "7"]
[White "Graber, Josef"]
[Black "Groiss, Karl"]
[Result "1-0"]
[WhiteElo "1802"]
[BlackElo "2011"]
[PlyCount "75"]
[EventDate "2013.02.09"]
[EventType "swiss"]
[EventRounds "9"]
[EventCountry "AUT"]
[SourceTitle "CBM 152 Extra"]
[Source "ChessBase"]
[SourceDate "2013.02.25"]
[SourceVersion "1"]
[SourceVersionDate "2013.02.25"]
[SourceQuality "1"]

1. e4 c5 2. Nf3 e6 3. d4 cxd4 4. Nxd4 a6 5. a4 Qc7 6. Be2 Nf6 7. Bd3 d5 8. exd5 Nxd5 9. 0-0 Bd6 10. Nf3 Nc6 11. c3 Ne5 12. Nxe5 Bxe5 13. h3 0-0 14. c4 Nb4 15. Be2 b6 16. Nc3 Bb7 17. f4 Rad8 18. Qb3 Bd4+ 19. Kh1 Bc5 20. Bf3 Bxf3 21. Rxf3 Nc6 22. Be3 Na5 23. Qa2 Bxe3 24. Rxe3 Qxf4 25. Rae1 Qxc4 26. Qb1 Rd2 27. Ne4 Rd7 28. b3 Qb4 29. Rg3 Qe7 30. Qb2 f5 31. Ng5 Rf6 32. Rge3 Rd6 33. Qe2 Qd7 34. Nxe6 Nxb3 35. Ng5 h6 36. Qc4+ Rfe6 37. Nxe6 Kh7 38. Nf8+ 1-0

[Event "Lienz op 17th"]
[Site "Lienz"]
[Date "2013.02.10"]
[Round "3"]
[White "Haessler, Wolfgang"]
[Black "Groiss, Karl"]
[Result "1-0"]
[WhiteElo "2256"]
[BlackElo "2011"]
[PlyCount "75"]
[EventDate "2013.02.09"]
[EventType "swiss"]
[EventRounds "9"]
[EventCountry "AUT"]
[SourceTitle "CBM 152 Extra"]
[Source "ChessBase"]
[SourceDate "2013.02.25"]
[SourceVersion "1"]
[SourceVersionDate "2013.02.25"]
[SourceQuality "1"]

1. d4 d5 2. Bf4 e6 3. e3 c5 4. c3 Nc6 5. Nf3 cxd4 6. exd4 Nf6 7. Nbd2 Be7 8. Bd3 h6 9. Ne5 Nxe5 10. Bxe5 Bd6 11. f4 Qb6 12. 0-0 Be7 13. Qb3 Qxb3 14. axb3 0-0 15. h3 Bd7 16. f5 a6 17. fxe6 Bxe6 18. b4 Rac8 19. Nb3 Nd7 20. Bg3 Bd8 21. Bd6 Re8 22. Na5 Bxa5 23. Rxa5 Rc6 24. Bg3 Rec8 25. Bf4 Nf6 26. Bxh6 Ne4 27. Bc1 f5 28. Bf4 Bf7 29. Bc2 g6 30. Ba4 Rb6 31. Bb3 g5 32. Bc1 Rd6 33. Rxf5 Re8 34. Bxg5 Rg6 35. Bf4 Kg7 36. Be5+ Kh6 37. Rxf7 Nd2 38. Bf4+ 1-0

[Event "EU-chT Seniors 04th"]
[Site "Dresden"]
[Date "2002.02.27"]
[Round "4.4"]
[White "Winiwarter, Felix"]
[Black "Groiss, Karl"]
[Result "1-0"]
[WhiteElo "2188"]
[BlackElo "1821"]
[PlyCount "55"]
[EventDate "2002.02.25"]
[EventType "team-swiss"]
[EventRounds "7"]
[EventCountry "GER"]
[SourceTitle "EXT 2005"]
[Source "ChessBase"]
[SourceDate "2004.11.15"]
[SourceVersion "1"]
[SourceVersionDate "2004.11.15"]
[SourceQuality "1"]

1. e4 c5 2. Nf3 e6 3. d4 cxd4 4. c3 dxc3 5. Nxc3 Nc6 6. Bc4 a6 7. 0-0 Bc5 8. Qe2 Nge7 9. Bf4 Ng6 10. Bg3 0-0 11. e5 Qe7 12. Rfd1 b5 13. Bb3 Bb7 14. Ne4 Rad8 15. Rac1 Bb6 16. h4 Na5 17. h5 Nxb3 18. axb3 Nh8 19. Bh4 f6 20. h6 Ng6 21. hxg7 Nxh4 22. gxf8Q+ Rxf8 23. Nxh4 Bxe4 24. Qxe4 fxe5 25. Nf3 Qg7 26. Qb7 Bd4 27. Nxd4 exd4 28. Rc8 1-0

[Event "EU-chT Seniors 03rd"]
[Site "Dresden"]
[Date "2001.03.01"]
[Round "5.3"]
[White "Appelt, Gerd"]
[Black "Groiss, Karl"]
[Result "1/2-1/2"]
[WhiteElo "1991"]
[BlackElo "1885"]
[PlyCount "101"]
[EventDate "2001.02.26"]
[EventType "team-swiss"]
[EventRounds "7"]
[EventCountry "GER"]
[SourceTitle "EXT 2005"]
[Source "ChessBase"]
[SourceDate "2004.11.15"]
[SourceVersion "1"]
[SourceVersionDate "2004.11.15"]
[SourceQuality "1"]

1. e4 c5 2. Nc3 e6 3. g3 Nc6 4. Bg2 a6 5. d3 Nf6 6. Be3 Be7 7. Nge2 0-0 8. h3 Qc7 9. 0-0 d6 10. g4 h6 11. Ng3 b5 12. Qd2 Bb7 13. Rae1 Rad8 14. Qc1 Kh7 15. Nce2 Rh8 16. f4 Kg8 17. Bf2 Rc8 18. Nh5 g6 19. Nhg3 a5 20. f5 e5 21. fxg6 fxg6 22. g5 hxg5 23. Qxg5 Kf7 24. Nc3 Nd4 25. Bxd4 cxd4 26. Nd5 Bxd5 27. exd5 Rcf8 28. Rf2 Ke8 29. Ref1 Qd8 30. Qxg6+ Kd7 31. Qf5+ Kc7 32. Qe6 Nd7 33. Nf5 Re8 34. Ng7 Reg8 35. Qf7 Nc5 36. Nf5 Re8 37. Nxe7 Rxe7 38. Qxe7+ Qxe7 39. Rf7 Kd8 40. Rxe7 Kxe7 41. b3 Nd7 42. Kh2 Nf6 43. Bf3 Rf8 44. Rg1 Kf7 45. Rg2 Rh8 46. Rf2 Ke7 47. Rg2 Kf7 48. Be4 Rh6 49. Rf2 Ke7 50. Kg3 Nh5+ 51. Kg4 1/2-1/2

[Event "EU-chT Seniors 03rd"]
[Site "Dresden"]
[Date "2001.02.28"]
[Round "3.3"]
[White "Arkhangelsky, Boris Nikolaevich"]
[Black "Groiss, Karl"]
[Result "1-0"]
[WhiteElo "2318"]
[BlackElo "1885"]
[PlyCount "67"]
[EventDate "2001.02.26"]
[EventType "team-swiss"]
[EventRounds "7"]
[EventCountry "GER"]
[SourceTitle "EXT 2005"]
[Source "ChessBase"]
[SourceDate "2004.11.15"]
[SourceVersion "1"]
[SourceVersionDate "2004.11.15"]
[SourceQuality "1"]

1. d4 d5 2. Nf3 e6 3. c4 Nf6 4. Nc3 Be7 5. Bf4 a6 6. e3 0-0 7. Qc2 c6 8. c5 Nbd7 9. Bd3 h6 10. h3 Re8 11. 0-0 Nf8 12. b4 N6d7 13. Rad1 Bf6 14. e4 Be7 15. e5 f5 16. exf6 Bxf6 17. Rfe1 Re7 18. Bd6 Rf7 19. Re3 Be7 20. Bg3 Bg5 21. Nxg5 Qxg5 22. Kh1 Qd8 23. a3 Nf6 24. Na4 N6d7 25. Bd6 Qf6 26. Rf3 Qd8 27. Rxf7 Kxf7 28. Qe2 Qf6 29. Qh5+ Kg8 30. Qe8 g6 31. Re1 Qf7 32. Qd8 Qf6 33. Qxf6 Nxf6 34. Nb6 1-0